000 01872cam a2200421 i 4500
001 18132158
005 20221220115222.0
008 140429s2014 nyua b 001 0 eng
010 _a 2014016973
020 _a9780374227357 (hardback)
020 _z9781429944328 (ebook)
040 _aDLC
_beng
_cDLC
_erda
_dDLC
042 _apcc
050 0 0 _aJC11
_b.F853 2014
082 0 0 _a320.1,FUK
_223
084 _aHIS037000
_aPOL010000
_2bisacsh
100 1 _aFukuyama, Francis.
_999767
245 1 0 _aPolitical order and political decay :
_bfrom the industrial revolution to the globalization of democracy /
_cFrancis Fukuyama.
250 _aFirst edition.
264 1 _aNew York :
_bFarrar, Straus and Giroux,
_c2014.
300 _aviii, 658 pages :
_billustrations ;
_c24 cm
336 _atext
_btxt
_2rdacontent
337 _aunmediated
_bn
_2rdamedia
338 _avolume
_bnc
_2rdacarrier
505 _aIntroduction: Development of political institutions to the French Revolution (Page-3), Part I: The State (Page-23), Part II: Foreign institutions (Page-217), Part III: Democracy (Page-399), Part IV: Political Decay (Page-455).
650 0 _aState, The
_xHistory.
_9105325
650 0 _aOrder
_xHistory.
_9105326
650 0 _aComparative government
_xHistory.
_9105327
650 0 _aDemocracy
_xHistory.
_9105328
650 0 _aGlobalization
_xPolitical aspects.
_9104784
650 7 _aHISTORY / World.
_2bisacsh
_9105329
650 7 _aPOLITICAL SCIENCE / History & Theory.
_2bisacsh
_997133
700 1 _iContinuation of:
_aFukuyama, Francis.
_tOrigins of political order.
_9105330
856 4 2 _3Cover image
_uhttp://www.netread.com/jcusers2/bk1388/357/9780374227357/image/lgcover.9780374227357.jpg
906 _a7
_bcbc
_corignew
_d1
_eecip
_f20
_gy-gencatlg
942 _2ddc
_cBK
_k320.1,FUK
999 _c592738
_d592738